Countries with the most people of Russian descent - Statistics

General Stats
  • This quiz has been taken 65 times
  • The average score is 12 of 15
Answer Stats
Answer % Correct
1 Ukraine
100%
2 Kazakhstan
96%
4 Belarus
93%
6 Latvia
93%
10 Estonia
91%
14 Germany
91%
3 USA
91%
7 Uzbekistan
89%
12 Lithuania
87%
15 Azerbaijan
78%
9 Moldova
78%
11 Turkmenistan
76%
8 Kyrgyzstan
72%
5 Israel
50%
13 Argentina
39%
No matching quizzes found
Score Distribution
Percent of People with Each Score
Percentile by Number Answered
Your Score History
You have not taken this quiz